Markets (Record no. 84366)

MARC details
000 -LEADER
fixed length control field 01095cab a22002415a 4500
001 - CONTROL NUMBER
control field L157404
008 - FIXED-LENGTH DATA ELEMENTS--GENERAL INFORMATION
fixed length control field 121123e2012 xxk 000 0 eng d
035 ## - SYSTEM CONTROL NUMBER
System control number (Sirsi) u157404
041 0# - LANGUAGE CODE
Language code of text/sound track or separate title eng
100 1# - MAIN ENTRY--PERSONAL NAME
Personal name Eade, Christine
245 00 - TITLE STATEMENT
Title Markets
Remainder of title Kent, Surrey and Sussex
260 ## - PUBLICATION, DISTRIBUTION, ETC.
Date of publication, distribution, etc. 2012
490 #0 - SERIES STATEMENT
Series statement Property Week
Volume/sequential designation 78 (45) 9 November 2012, 51-60(5)
520 ## - SUMMARY, ETC.
Summary, etc. Outlines recent commercial property activity in the region: Woking Borough Council is to spend £150m on its town centre redevelopment plans in conjunction with developer Moyallen, and pharmaceutical giant Pfizer has left its Discovery Park science park site in Sandwich well equipped for new tenants. A consultation has begun on possible developments for Bognor Regis's two local-authorit owned car parks. Development Securities has built up a successful partnership with specialist developer Berkshire Investment Capital.
590 ## - LOCAL NOTE (RLIN)
Local note KA
651 #4 - SUBJECT ADDED ENTRY--GEOGRAPHIC NAME
Geographic name Kent
651 #4 - SUBJECT ADDED ENTRY--GEOGRAPHIC NAME
Geographic name Surrey
651 #4 - SUBJECT ADDED ENTRY--GEOGRAPHIC NAME
Geographic name Sussex
690 ## - LOCAL SUBJECT ADDED ENTRY--TOPICAL TERM (OCLC, RLIN)
Topical term or geographic name as entry element Commercial property
9 (RLIN) 6227
700 1# - ADDED ENTRY--PERSONAL NAME
Personal name Whitmore, James
700 1# - ADDED ENTRY--PERSONAL NAME
Personal name Grice, Neil
942 ## - ADDED ENTRY ELEMENTS (KOHA)
Suppress in OPAC 0
Holdings
Withdrawn status Lost status Source of classification or shelving scheme Damaged status Not for loan Home library Current library Shelving location Date acquired Total Checkouts Full call number Barcode Date last seen Copy number Price effective from Koha item type
    Dewey Decimal Classification     London London Journal article 23/11/2012   L157404 157404-1001 06/08/2019 1 06/08/2019 Journal article